[Event "Tata Steel Masters"]
[Date "2026.01.17"]
[White "Giri, Anish"]
[Black "Sindarov, Javokhir"]
[WhiteElo "2760"]
[BlackElo "2726"]
[Round "2.2.2"]
[Result "1/2-1/2"]

c4 {[%clk 01:59:58]} e6 {[%clk 01:59:49] [%emt 00:00:12]} g3 {[%clk 01:59:53]
[%emt 00:00:05]} d5 {[%clk 01:58:39] [%emt 00:01:11]} Bg2 {[%clk 01:59:47] [%emt
00:00:05]} Nf6 {[%clk 01:58:33] [%emt 00:00:07]} Nf3 {[%clk 01:59:43] [%emt
00:00:03]} d4 {[%clk 01:55:55] [%emt 00:02:39]} d3 {[%clk 01:58:24] [%emt
00:01:18]} Nc6 {[%clk 01:54:56] [%emt 00:00:59]} O-O {[%clk 01:57:56] [%emt
00:00:28]} Bc5 {[%clk 01:54:32] [%emt 00:00:23]} Nbd2 {[%clk 01:57:13] [%emt
00:00:43]} O-O {[%clk 01:54:21] [%emt 00:00:12]} Nb3 {[%clk 01:55:52] [%emt
00:01:21]} Be7 {[%clk 01:53:48] [%emt 00:00:33]} e3 {[%clk 01:54:01] [%emt
00:01:52]} dxe3 {[%clk 01:53:29] [%emt 00:00:19]} Bxe3 {[%clk 01:53:57] [%emt
00:00:03]} Ng4 {[%clk 01:53:15] [%emt 00:00:13]} Bc5 {[%clk 01:53:44] [%emt
00:00:13]} Bxc5 {[%clk 01:53:02] [%emt 00:00:14]} Nxc5 {[%clk 01:53:40] [%emt
00:00:04]} b6 {[%clk 01:52:57] [%emt 00:00:05]} Nb3 {[%clk 01:38:39] [%emt
00:15:00]} Bb7 {[%clk 01:51:40] [%emt 00:01:18]} d4 {[%clk 01:38:30] [%emt
00:00:08]} Ne7 {[%clk 01:49:50] [%emt 00:01:49]} Qd3 {[%clk 01:32:36] [%emt
00:05:54]} Nf6 {[%clk 01:47:58] [%emt 00:01:53]} Rad1 {[%clk 01:30:09] [%emt
00:02:27]} Qd6 {[%clk 01:44:55] [%emt 00:03:03]} Rfe1 {[%clk 01:25:58] [%emt
00:04:12]} Rad8 {[%clk 01:42:54] [%emt 00:02:00]} a3 {[%clk 01:21:17] [%emt
00:04:41]} Bxf3 {[%clk 01:40:56] [%emt 00:01:58]} Bxf3 {[%clk 01:20:49] [%emt
00:00:28]} c6 {[%clk 01:40:41] [%emt 00:00:15]} Qc3 {[%clk 01:15:09] [%emt
00:05:40]} Rd7 {[%clk 01:37:00] [%emt 00:03:42]} Nc1 {[%clk 01:11:26] [%emt
00:03:42]} Nf5 {[%clk 01:25:26] [%emt 00:11:35]} b4 {[%clk 01:04:13] [%emt
00:07:13]} Nxd4 {[%clk 01:22:55] [%emt 00:02:31]} Bxc6 {[%clk 01:02:03] [%emt
00:02:10]} Ne2+ {[%clk 01:21:57] [%emt 00:00:58]} Nxe2 {[%clk 01:01:15] [%emt
00:00:47]} Qxc6 {[%clk 01:21:56] [%emt 00:00:02]} Nd4 {[%clk 00:54:45] [%emt
00:06:29]} Qa4 {[%clk 01:10:32] [%emt 00:11:23]} Qb3 {[%clk 00:50:13] [%emt
00:04:34]} Qxb3 {[%clk 01:10:02] [%emt 00:00:30]} Nxb3 {[%clk 00:50:09] [%emt
00:00:04]} Rfd8 {[%clk 01:08:20] [%emt 00:01:42]} Rxd7 {[%clk 00:49:48] [%emt
00:00:21]} Rxd7 {[%clk 01:08:16] [%emt 00:00:04]} Re2 {[%clk 00:49:28] [%emt
00:00:20]} Kf8 {[%clk 01:06:44] [%emt 00:01:32]} Rd2 {[%clk 00:49:01] [%emt
00:00:27]} Rxd2 {[%clk 01:05:02] [%emt 00:01:42]} Nxd2 {[%clk 00:48:52] [%emt
00:00:09]} e5 {[%clk 01:04:54] [%emt 00:00:08]} Kf1 {[%clk 00:37:40] [%emt
00:11:12]} Ke7 {[%clk 01:04:32] [%emt 00:00:23]} Ke2 {[%clk 00:37:18] [%emt
00:00:22]} Ke6 {[%clk 01:03:35] [%emt 00:00:56]} f3 {[%clk 00:35:18] [%emt
00:01:59]} h5 {[%clk 01:01:17] [%emt 00:02:19]} Kd3 {[%clk 00:31:49] [%emt
00:03:29]} g5 {[%clk 00:52:05] [%emt 00:09:12]} Ne4 {[%clk 00:13:25] [%emt
00:18:23]} g4 {[%clk 00:49:10] [%emt 00:02:55]} Nxf6 {[%clk 00:13:13] [%emt
00:00:12]} Kxf6 {[%clk 00:49:00] [%emt 00:00:10]} Ke3 {[%clk 00:12:37] [%emt
00:00:36]} Kf5 {[%clk 00:13:07] [%emt 00:35:53]} c5 {[%clk 00:10:36] [%emt
00:02:02]} bxc5 {[%clk 00:12:52] [%emt 00:00:14]} bxc5 {[%clk 00:41:02] [%emt
00:00:04]} Ke6 {[%clk 00:43:19] [%emt 00:00:03]} f4 {[%clk 00:37:31] [%emt
00:04:01]} a5 {[%clk 00:43:40] [%emt 00:00:09]} c6 {[%clk 00:33:26] [%emt
00:04:35]} f6 {[%clk 00:42:59] [%emt 00:01:10]} fxe5 {[%clk 00:28:38] [%emt
00:05:18]} fxe5 {[%clk 00:43:10] [%emt 00:00:20]} Ke4 {[%clk 00:28:38] [%emt
00:00:30]} Kd6 {[%clk 00:43:36] [%emt 00:00:04]}

[Site "Europe Echecs"]

[Event "Tata Steel Masters"]
[Date "2026.01.17"]
[White "Gukesh D"]
[Black "Van Foreest, Jorden"]
[WhiteElo "2754"]
[BlackElo "2703"]
[Round "2.2.3"]
[Result "1/2-1/2"]

d4 {[%clk 01:59:56] [%emt 00:00:03]} Nf6 {[%clk 01:59:44] [%emt 00:00:15]} c4
{[%clk 01:59:48] [%emt 00:00:09]} g6 {[%clk 01:59:36] [%emt 00:00:08]} h4 {[%clk
01:57:23] [%emt 00:02:26]} Bg7 {[%clk 01:59:03] [%emt 00:00:32]} Nc3 {[%clk
01:57:12] [%emt 00:00:12]} d6 {[%clk 01:55:11] [%emt 00:03:51]} e4 {[%clk
01:57:03] [%emt 00:00:08]} c5 {[%clk 01:53:38] [%emt 00:01:34]} dxc5 {[%clk
01:56:35] [%emt 00:00:29]} Qa5 {[%clk 01:51:06] [%emt 00:02:32]} Bd2 {[%clk
01:56:28] [%emt 00:00:07]} Qxc5 {[%clk 01:50:18] [%emt 00:00:48]} Be2 {[%clk
01:56:22] [%emt 00:00:06]} h5 {[%clk 01:48:35] [%emt 00:01:42]} Nf3 {[%clk
01:47:49] [%emt 00:08:32]} Bg4 {[%clk 01:43:10] [%emt 00:05:25]} O-O {[%clk
01:42:58] [%emt 00:04:52]} O-O {[%clk 01:38:25] [%emt 00:04:44]} Rc1 {[%clk
01:42:51] [%emt 00:00:08]} Bxf3 {[%clk 01:30:20] [%emt 00:08:05]} Bxf3 {[%clk
01:41:50] [%emt 00:01:01]} Nc6 {[%clk 01:29:25] [%emt 00:00:54]} Nd5 {[%clk
01:34:39] [%emt 00:07:11]} Qd4 {[%clk 01:22:45] [%emt 00:06:39]} Bg5 {[%clk
01:19:42] [%emt 00:14:58]} Qxb2 {[%clk 01:18:42] [%emt 00:04:04]} Rb1 {[%clk
01:16:01] [%emt 00:03:41]} Qxa2 {[%clk 01:16:20] [%emt 00:02:21]} Rxb7 {[%clk
01:15:56] [%emt 00:00:06]} Qa6 {[%clk 01:08:58] [%emt 00:07:22]} Qb1 {[%clk
01:08:39] [%emt 00:07:17]} Nxd5 {[%clk 01:07:44] [%emt 00:01:13]} cxd5 {[%clk
00:59:27] [%emt 00:09:13]} Nd4 {[%clk 01:07:29] [%emt 00:00:15]} Bxe7 {[%clk
00:44:50] [%emt 00:14:37]} Rfe8 {[%clk 01:06:55] [%emt 00:00:33]} Bg5 {[%clk
00:38:53] [%emt 00:05:57]} Qa3 {[%clk 01:04:25] [%emt 00:02:30]} Be3 {[%clk
00:35:24] [%emt 00:03:29]} a5 {[%clk 01:02:54] [%emt 00:01:31]} Rc1 {[%clk
00:29:37] [%emt 00:05:47]} Rec8 {[%clk 00:59:23] [%emt 00:03:30]} Rxc8+ {[%clk
00:15:21] [%emt 00:14:17]} Rxc8 {[%clk 00:59:10] [%emt 00:00:12]} Rxf7 {[%clk
00:13:11] [%emt 00:02:10]} Kxf7 {[%clk 00:58:41] [%emt 00:00:28]} Qb7+ {[%clk
00:13:09] [%emt 00:00:03]} Kg8 {[%clk 00:58:32] [%emt 00:00:09]} Qxc8+ {[%clk
00:13:04] [%emt 00:00:05]} Kh7 {[%clk 00:58:27] [%emt 00:00:04]} Bxh5 {[%clk
00:08:15] [%emt 00:04:49]} Qa1+ {[%clk 00:55:09] [%emt 00:03:17]} Kh2 {[%clk
00:08:11] [%emt 00:00:05]} gxh5 {[%clk 00:55:04] [%emt 00:00:05]} Bxd4 {[%clk
00:08:08] [%emt 00:00:03]} Qxd4 {[%clk 00:54:02] [%emt 00:01:02]} Qf5+ {[%clk
00:08:04] [%emt 00:00:04]} Kg8 {[%clk 00:53:55] [%emt 00:00:07]} Qe6+ {[%clk
00:08:00] [%emt 00:00:04]} Kh7 {[%clk 00:53:33] [%emt 00:00:21]} Qf5+ {[%clk
00:07:56] [%emt 00:00:04]} Kg8 {[%clk 00:53:25] [%emt 00:00:08]} Qe6+ {[%clk
00:07:54] [%emt 00:00:03]} Kh7 {[%clk 00:53:12] [%emt 00:00:12]}

[Site "Europe Echecs"]

[Event "Tata Steel Masters"]
[Date "2026.01.17"]
[White "Abdusattorov, Nodirbek"]
[Black "Praggnanandhaa R"]
[WhiteElo "2751"]
[BlackElo "2758"]
[Round "2.2.4"]
[Result "1-0"]

d4 {[%clk 01:59:51] [%emt 00:00:07]} d5 {[%clk 01:58:30] [%emt 00:01:30]} c4
{[%clk 01:59:44] [%emt 00:00:08]} e6 {[%clk 01:58:24] [%emt 00:00:06]} Nf3
{[%clk 01:59:08] [%emt 00:00:35]} Nf6 {[%clk 01:58:15] [%emt 00:00:10]} Nc3
{[%clk 01:59:02] [%emt 00:00:06]} h6 {[%clk 01:57:32] [%emt 00:00:43]} cxd5
{[%clk 01:58:42] [%emt 00:00:21]} exd5 {[%clk 01:57:25] [%emt 00:00:07]} Bf4
{[%clk 01:58:37] [%emt 00:00:04]} Bd6 {[%clk 01:57:19] [%emt 00:00:06]} Bxd6
{[%clk 01:58:32] [%emt 00:00:06]} Qxd6 {[%clk 01:57:13] [%emt 00:00:05]} e3
{[%clk 01:58:27] [%emt 00:00:04]} Bf5 {[%clk 01:54:56] [%emt 00:02:18]} Nh4
{[%clk 01:55:37] [%emt 00:02:50]} Bh7 {[%clk 01:50:35] [%emt 00:04:20]} Bd3
{[%clk 01:54:26] [%emt 00:01:11]} O-O {[%clk 01:48:17] [%emt 00:02:19]} Bxh7+
{[%clk 01:46:29] [%emt 00:07:57]} Kxh7 {[%clk 01:47:57] [%emt 00:00:20]} Qb3
{[%clk 01:42:24] [%emt 00:04:05]} Nbd7 {[%clk 01:28:57] [%emt 00:19:01]} O-O
{[%clk 01:42:07] [%emt 00:00:17]} Rab8 {[%clk 01:26:20] [%emt 00:02:38]} a4
{[%clk 01:40:02] [%emt 00:02:04]} c6 {[%clk 01:24:49] [%emt 00:01:31]} a5 {[%clk
01:39:01] [%emt 00:01:00]} g6 {[%clk 01:24:19] [%emt 00:00:29]} Nf3 {[%clk
01:35:23] [%emt 00:03:39]} Kg7 {[%clk 01:24:02] [%emt 00:00:18]} Qa3 {[%clk
01:18:18] [%emt 00:17:05]} Ne8 {[%clk 01:14:25] [%emt 00:09:36]} a6 {[%clk
01:10:49] [%emt 00:07:30]} b5 {[%clk 01:08:48] [%emt 00:05:37]} Qxd6 {[%clk
01:05:50] [%emt 00:04:58]} Nxd6 {[%clk 01:08:43] [%emt 00:00:06]} Rfc1 {[%clk
01:00:15] [%emt 00:05:35]} Rfc8 {[%clk 01:03:04] [%emt 00:05:39]} b3 {[%clk
00:57:20] [%emt 00:02:54]} b4 {[%clk 00:45:44] [%emt 00:17:21]} Na4 {[%clk
00:57:12] [%emt 00:00:08]} Rb5 {[%clk 00:45:29] [%emt 00:00:15]} Ne1 {[%clk
00:41:29] [%emt 00:15:43]} c5 {[%clk 00:43:10] [%emt 00:02:19]} dxc5 {[%clk
00:41:03] [%emt 00:00:26]} Nxc5 {[%clk 00:42:56] [%emt 00:00:15]} Nxc5 {[%clk
00:38:40] [%emt 00:02:23]} Rcxc5 {[%clk 00:42:41] [%emt 00:00:14]} Rxc5 {[%clk
00:38:31] [%emt 00:00:09]} Rxc5 {[%clk 00:42:36] [%emt 00:00:04]} Nd3 {[%clk
00:38:22] [%emt 00:00:10]} Rb5 {[%clk 00:33:18] [%emt 00:09:19]} f3 {[%clk
00:34:00] [%emt 00:04:22]} Nc4 {[%clk 00:25:44] [%emt 00:07:34]} Kf2 {[%clk
00:32:10] [%emt 00:01:49]} Na5 {[%clk 00:24:04] [%emt 00:01:40]} Rc1 {[%clk
00:30:41] [%emt 00:01:29]} Nxb3 {[%clk 00:12:01] [%emt 00:12:04]} Rc7 {[%clk
00:30:34] [%emt 00:00:07]} d4 {[%clk 00:11:28] [%emt 00:00:32]} Rxa7 {[%clk
00:24:14] [%emt 00:06:21]} Nc5 {[%clk 00:04:41] [%emt 00:06:47]} Nxc5 {[%clk
00:24:07] [%emt 00:00:07]} Rxc5 {[%clk 00:04:34] [%emt 00:00:07]} exd4 {[%clk
00:24:00] [%emt 00:00:07]} Rc6 {[%clk 00:03:33] [%emt 00:01:01]} Ra8 {[%clk
00:15:05] [%emt 00:08:56]} Kf6 {[%clk 00:03:20] [%emt 00:00:13]} Ke3 {[%clk
00:10:51] [%emt 00:04:14]} b3 {[%clk 00:03:15] [%emt 00:00:04]} a7 {[%clk
00:10:34] [%emt 00:00:18]} Rc7 {[%clk 00:03:06] [%emt 00:00:08]} h4 {[%clk
00:09:26] [%emt 00:01:08]} h5 {[%clk 00:00:27] [%emt 00:02:39]} Ke4 {[%clk
00:07:23] [%emt 00:02:03]} Rb7 {[%clk 00:00:08] [%emt 00:00:19]} Rb8 {[%clk
00:37:17] [%emt 00:00:36]} Rxa7 {[%clk 00:30:35] [%emt 00:00:03]} Rxb3 {[%clk
00:37:02] [%emt 00:00:45]} Ra2 {[%clk 00:23:10] [%emt 00:07:55]} g3 {[%clk
00:32:34] [%emt 00:04:58]} Rg2 {[%clk 00:22:23] [%emt 00:01:17]} f4 {[%clk
00:20:17] [%emt 00:12:48]} Ke6 {[%clk 00:16:36] [%emt 00:06:17]} d5+ {[%clk
00:20:18] [%emt 00:00:29]} Kd6 {[%clk 00:12:48] [%emt 00:04:18]} Rb6+ {[%clk
00:19:12] [%emt 00:01:36]} Ke7 {[%clk 00:13:12] [%emt 00:00:06]} Rb7+ {[%clk
00:19:34] [%emt 00:00:09]} Kf6 {[%clk 00:11:52] [%emt 00:01:50]} Rb3 {[%clk
00:19:47] [%emt 00:00:17]} Ke7 {[%clk 00:08:55] [%emt 00:03:27]} f5 {[%clk
00:19:32] [%emt 00:00:45]} gxf5+ {[%clk 00:05:47] [%emt 00:03:38]} Kxf5 {[%clk
00:17:17] [%emt 00:02:45]} Rd2 {[%clk 00:04:13] [%emt 00:02:03]} Re3+ {[%clk
00:14:34] [%emt 00:03:13]} Kf8 {[%clk 00:03:03] [%emt 00:01:41]} Re5 {[%clk
00:12:41] [%emt 00:02:22]} Rd4 {[%clk 00:01:57] [%emt 00:01:36]} Kf6 {[%clk
00:11:25] [%emt 00:01:47]} Rd3 {[%clk 00:02:18] [%emt 00:00:09]} Rxh5 {[%clk
00:09:45] [%emt 00:02:10]} Rf3+ {[%clk 00:02:43] [%emt 00:00:05]} Ke5 {[%clk
00:09:39] [%emt 00:00:36]} Rxg3 {[%clk 00:02:50] [%emt 00:00:22]} Kd6 {[%clk
00:09:47] [%emt 00:00:23]} Ra3 {[%clk 00:02:54] [%emt 00:00:26]} Re5 {[%clk
00:09:45] [%emt 00:00:32]} f6 {[%clk 00:02:04] [%emt 00:01:20]} Re1 {[%clk
00:07:51] [%emt 00:02:23]} Rh3 {[%clk 00:01:13] [%emt 00:01:22]} Kc6 {[%clk
00:05:47] [%emt 00:02:34]} Rxh4 {[%clk 00:01:30] [%emt 00:00:13]} d6 {[%clk
00:06:14] [%emt 00:00:03]} Rc4+ {[%clk 00:01:50] [%emt 00:00:09]} Kd5 {[%clk
00:05:19] [%emt 00:01:25]}

[Site "Europe Echecs"]

[Event "Tata Steel Masters"]
[Date "2026.01.17"]
[White "Nguyen, Thai Dai Van"]
[Black "Erigaisi Arjun"]
[WhiteElo "2656"]
[BlackElo "2775"]
[Round "2.2.5"]
[Result "1/2-1/2"]

d4 {[%clk 01:59:50] [%emt 00:00:09]} Nf6 {[%clk 01:59:37] [%emt 00:00:23]} c4
{[%clk 01:59:31] [%emt 00:00:20]} e6 {[%clk 01:59:31] [%emt 00:00:06]} Nf3
{[%clk 01:59:19] [%emt 00:00:11]} d5 {[%clk 01:59:25] [%emt 00:00:07]} Nc3
{[%clk 01:59:11] [%emt 00:00:08]} dxc4 {[%clk 01:59:12] [%emt 00:00:13]} e4
{[%clk 01:58:57] [%emt 00:00:14]} Bb4 {[%clk 01:59:05] [%emt 00:00:07]} Bxc4
{[%clk 01:58:20] [%emt 00:00:36]} Nxe4 {[%clk 01:58:46] [%emt 00:00:20]} O-O
{[%clk 01:58:13] [%emt 00:00:07]} Nf6 {[%clk 01:58:27] [%emt 00:00:19]} Qa4+
{[%clk 01:57:07] [%emt 00:01:06]} Nc6 {[%clk 01:58:20] [%emt 00:00:07]} Ne5
{[%clk 01:56:45] [%emt 00:00:23]} a5 {[%clk 01:58:07] [%emt 00:00:13]} Nxc6
{[%clk 01:50:22] [%emt 00:06:22]} bxc6 {[%clk 01:57:03] [%emt 00:01:05]} Qxc6+
{[%clk 01:49:39] [%emt 00:00:43]} Bd7 {[%clk 01:56:57] [%emt 00:00:06]} Qf3
{[%clk 01:49:33] [%emt 00:00:06]} O-O {[%clk 01:56:49] [%emt 00:00:08]} Bf4
{[%clk 01:49:21] [%emt 00:00:12]} Rb8 {[%clk 01:56:22] [%emt 00:00:27]} Be5
{[%clk 01:33:34] [%emt 00:15:47]} Bd6 {[%clk 01:47:02] [%emt 00:09:19]} b3
{[%clk 01:31:16] [%emt 00:02:19]} Rb6 {[%clk 01:46:17] [%emt 00:00:45]} Rad1
{[%clk 01:30:13] [%emt 00:01:03]} Bc6 {[%clk 01:44:41] [%emt 00:01:36]} Qg3
{[%clk 01:28:41] [%emt 00:01:33]} Nh5 {[%clk 01:17:08] [%emt 00:27:32]} Qg4
{[%clk 01:20:38] [%emt 00:08:03]} Nf6 {[%clk 01:16:53] [%emt 00:00:15]} Qg3
{[%clk 01:19:22] [%emt 00:01:16]} Nh5 {[%clk 01:16:47] [%emt 00:00:07]} Qg4
{[%clk 00:59:52] [%emt 00:19:31]} Nf6 {[%clk 01:16:30] [%emt 00:00:16]} Qh3
{[%clk 00:59:43] [%emt 00:00:09]} Bxe5 {[%clk 01:10:28] [%emt 00:06:03]} dxe5
{[%clk 00:58:49] [%emt 00:00:54]} Nd7 {[%clk 01:10:24] [%emt 00:00:05]} Qg3
{[%clk 00:34:21] [%emt 00:24:28]} Qe7 {[%clk 01:08:40] [%emt 00:01:44]} Rfe1
{[%clk 00:34:12] [%emt 00:00:10]} Qc5 {[%clk 00:58:42] [%emt 00:09:57]} h4
{[%clk 00:31:29] [%emt 00:02:42]} Rbb8 {[%clk 00:56:11] [%emt 00:02:31]} h5
{[%clk 00:28:57] [%emt 00:02:33]} h6 {[%clk 00:55:52] [%emt 00:00:19]} Rd3
{[%clk 00:17:07] [%emt 00:11:50]} Nb6 {[%clk 00:47:29] [%emt 00:08:23]} Qg4
{[%clk 00:14:29] [%emt 00:02:39]} Kh8 {[%clk 00:47:09] [%emt 00:00:19]} Rg3
{[%clk 00:14:21] [%emt 00:00:08]} Rg8 {[%clk 00:47:03] [%emt 00:00:06]} Bf1
{[%clk 00:12:57] [%emt 00:01:23]} Nc8 {[%clk 00:30:54] [%emt 00:16:09]} Qc4
{[%clk 00:10:45] [%emt 00:02:11]} Qxc4 {[%clk 00:29:46] [%emt 00:01:09]} Bxc4
{[%clk 00:10:40] [%emt 00:00:05]} Rd8 {[%clk 00:29:40] [%emt 00:00:06]} Rc1
{[%clk 00:07:16] [%emt 00:03:25]} Ne7 {[%clk 00:27:49] [%emt 00:01:51]} Rd3
{[%clk 00:06:52] [%emt 00:00:23]} Rxd3 {[%clk 00:25:36] [%emt 00:02:13]} Bxd3
{[%clk 00:06:51] [%emt 00:00:01]} Kg8 {[%clk 00:25:34] [%emt 00:00:02]} f4
{[%clk 00:05:00] [%emt 00:01:51]} Rb4 {[%clk 00:23:43] [%emt 00:01:50]} Ne2
{[%clk 00:03:57] [%emt 00:01:04]} Kf8 {[%clk 00:18:19] [%emt 00:05:24]} Kf2
{[%clk 00:03:53] [%emt 00:00:04]} Ke8 {[%clk 00:16:51] [%emt 00:01:28]} g3
{[%clk 00:02:47] [%emt 00:01:06]} Kd7 {[%clk 00:16:14] [%emt 00:00:36]} Nc3
{[%clk 00:31:20] [%emt 00:01:56]} Kc8 {[%clk 00:44:37] [%emt 00:02:08]} Ba6+
{[%clk 00:28:40] [%emt 00:03:11]} Kb8 {[%clk 00:42:02] [%emt 00:03:05]} Bc4
{[%clk 00:26:11] [%emt 00:02:58]} Ka7 {[%clk 00:41:02] [%emt 00:01:30]} Rd1
{[%clk 00:22:26] [%emt 00:04:15]} Rb8 {[%clk 00:41:13] [%emt 00:00:20]} Be2
{[%clk 00:16:33] [%emt 00:06:24]} Nd5 {[%clk 00:39:09] [%emt 00:02:34]} Rc1
{[%clk 00:16:39] [%emt 00:00:24]} Nxc3 {[%clk 00:34:54] [%emt 00:04:45]} Rxc3
{[%clk 00:17:07] [%emt 00:00:02]} Kb6 {[%clk 00:35:22] [%emt 00:00:02]} Ke3
{[%clk 00:14:49] [%emt 00:02:47]} Bd5 {[%clk 00:35:08] [%emt 00:00:45]} g4
{[%clk 00:14:31] [%emt 00:00:48]} c5 {[%clk 00:34:25] [%emt 00:01:13]} f5 {[%clk
00:10:15] [%emt 00:04:46]} Kc6 {[%clk 00:34:25] [%emt 00:00:29]} Kf4 {[%clk
00:09:31] [%emt 00:01:14]} exf5 {[%clk 00:29:05] [%emt 00:05:50]} gxf5 {[%clk
00:09:55] [%emt 00:00:06]} a4 {[%clk 00:29:31] [%emt 00:00:04]} Bc4 {[%clk
00:08:26] [%emt 00:01:59]} Bxc4 {[%clk 00:29:53] [%emt 00:00:08]} bxc4 {[%clk
00:08:10] [%emt 00:00:46]} Rb2 {[%clk 00:29:10] [%emt 00:01:13]} Ra3 {[%clk
00:06:54] [%emt 00:01:46]} Rb4 {[%clk 00:28:33] [%emt 00:01:07]} Rc3 {[%clk
00:07:20] [%emt 00:00:03]} Rb2 {[%clk 00:28:59] [%emt 00:00:05]} Ra3 {[%clk
00:07:34] [%emt 00:00:15]} Rb4 {[%clk 00:29:24] [%emt 00:00:05]}

[Site "Europe Echecs"]

[Event "Tata Steel Masters"]
[Date "2026.01.17"]
[White "Fedoseev, Vladimir"]
[Black "Keymer, Vincent"]
[WhiteElo "2705"]
[BlackElo "2776"]
[Round "2.2.6"]
[Result "1-0"]

d4 {[%clk 01:59:57] [%emt 00:00:02]} Nf6 {[%clk 01:59:56] [%emt 00:00:05]} c4
{[%clk 01:59:51] [%emt 00:00:06]} e6 {[%emt 00:00:03]} Nc3 {[%clk 01:59:38]
[%emt 00:00:12]} Bb4 {[%clk 01:59:51] [%emt 00:00:05]} Qc2 {[%clk 01:59:31]
[%emt 00:00:06]} O-O {[%clk 01:59:46] [%emt 00:00:05]} Nf3 {[%clk 01:59:01]
[%emt 00:00:28]} c5 {[%clk 01:54:14] [%emt 00:05:33]} dxc5 {[%clk 01:58:50]
[%emt 00:00:10]} Na6 {[%clk 01:53:51] [%emt 00:00:23]} g3 {[%clk 01:55:30] [%emt
00:03:20]} Nxc5 {[%clk 01:53:20] [%emt 00:00:32]} Bg2 {[%clk 01:55:23] [%emt
00:00:07]} Nce4 {[%clk 01:53:01] [%emt 00:00:19]} Bd2 {[%clk 01:55:12] [%emt
00:00:10]} Nxd2 {[%clk 01:50:28] [%emt 00:02:33]} Nxd2 {[%clk 01:55:05] [%emt
00:00:06]} a6 {[%clk 01:46:06] [%emt 00:04:23]} O-O {[%clk 01:53:18] [%emt
00:01:46]} Rb8 {[%clk 01:45:04] [%emt 00:01:03]} Nde4 {[%clk 01:46:48] [%emt
00:06:30]} Ne8 {[%clk 01:41:26] [%emt 00:03:39]} c5 {[%clk 01:35:27] [%emt
00:11:21]} Qc7 {[%clk 00:57:14] [%emt 00:44:12]} Rac1 {[%clk 01:12:29] [%emt
00:22:57]} f5 {[%clk 00:52:46] [%emt 00:04:29]} Qb3 {[%clk 01:00:33] [%emt
00:11:55]} Ba5 {[%clk 00:51:39] [%emt 00:01:07]} Nd2 {[%clk 00:48:50] [%emt
00:11:43]} b6 {[%clk 00:47:37] [%emt 00:04:03]} Nd5 {[%emt 00:06:03]} exd5
{[%clk 00:32:42] [%emt 00:13:53]} Qxd5+ {[%clk 00:43:39] [%emt 00:00:11]} Rf7
{[%clk 00:26:53] [%emt 00:05:49]} cxb6 {[%clk 00:40:02] [%emt 00:03:37]} Qxb6
{[%clk 00:26:52] [%emt 00:00:01]} Nc4 {[%clk 00:39:53] [%emt 00:00:08]} Bb7
{[%clk 00:26:45] [%emt 00:00:07]} Nxb6 {[%clk 00:35:22] [%emt 00:04:30]} Bxd5
{[%clk 00:26:44] [%emt 00:00:02]} Nxd5 {[%clk 00:35:11] [%emt 00:00:10]} Rxb2
{[%clk 00:26:42] [%emt 00:00:02]} Rc5 {[%clk 00:28:00] [%emt 00:07:10]} Rb5
{[%clk 00:26:08] [%emt 00:00:34]} Rfc1 {[%clk 00:25:32] [%emt 00:02:28]} Nd6
{[%clk 00:23:46] [%emt 00:02:21]} e3 {[%clk 00:22:59] [%emt 00:02:33]} Bd8
{[%clk 00:13:45] [%emt 00:10:02]} Rxb5 {[%clk 00:21:44] [%emt 00:01:15]} axb5
{[%clk 00:13:33] [%emt 00:00:12]} Bf1 {[%clk 00:19:54] [%emt 00:01:49]} g5
{[%clk 00:11:37] [%emt 00:01:56]} Rc5 {[%clk 00:19:25] [%emt 00:00:29]} b4
{[%clk 00:09:50] [%emt 00:01:49]} Bc4 {[%clk 00:17:46] [%emt 00:01:38]} Kg7
{[%clk 00:08:05] [%emt 00:01:46]} Bb3 {[%clk 00:17:34] [%emt 00:00:12]} Rf8
{[%clk 00:06:57] [%emt 00:01:08]} Nxb4 {[%clk 00:17:26] [%emt 00:00:07]} f4
{[%clk 00:06:13] [%emt 00:00:44]} Rd5 {[%clk 00:16:26] [%emt 00:01:00]} Be7
{[%clk 00:04:47] [%emt 00:01:26]} exf4 {[%clk 00:15:19] [%emt 00:01:07]} gxf4
{[%clk 00:04:47]} Rd4 {[%clk 00:14:44] [%emt 00:00:36]} fxg3 {[%clk 00:03:51]
[%emt 00:00:57]} hxg3 {[%clk 00:14:36] [%emt 00:00:07]} h5 {[%clk 00:02:47]
[%emt 00:01:04]} Nd3 {[%clk 00:13:04] [%emt 00:01:32]} Kh6 {[%clk 00:02:20]
[%emt 00:00:28]} Ne5 {[%clk 00:12:02] [%emt 00:01:01]} h4 {[%clk 00:01:47] [%emt
00:00:34]} g4 {[%clk 00:10:25] [%emt 00:01:36]} Kg5 {[%clk 00:01:06] [%emt
00:00:41]} Rd5 {[%clk 00:09:30] [%emt 00:00:55]} Kh6 {[%clk 00:01:05] [%emt
00:00:01]} Nd3 {[%clk 00:38:13] [%emt 00:01:46]} h3 {[%clk 00:30:33] [%emt
00:01:03]} f4 {[%clk 00:35:41] [%emt 00:03:02]} Kg7 {[%clk 00:29:36] [%emt
00:01:27]} Kh2 {[%clk 00:35:38] [%emt 00:00:32]} Rh8 {[%clk 00:29:41] [%emt
00:00:25]} Ne5 {[%clk 00:34:15] [%emt 00:01:53]} Rh4 {[%clk 00:27:33] [%emt
00:02:38]} Rd3 {[%clk 00:33:22] [%emt 00:01:23]}

[Site "Europe Echecs"]